Història del mapa municipal de Catalunya / Jesús Burgueño, Ferran Lasso de la Vega
ISBN:
84-393-5954-3
Publicado:
[Barcelona] :
Generalitat de Catalunya, Departament de Governació i Relacions Institucionals, Direcció General d'Administració Local ,
2002
Descripción Física:
192 p., [12] fulls plegats : gràfics, quadres ; 30 cm
Otros Autores:
Lasso de la Vega, Ferran
MARC
| LEADER | 00000nam a2200000Ia 4500 | ||
|---|---|---|---|
| 001 | 15821 | ||
| 008 | 160829s2002 xx 000 0 cat d | ||
| 020 | |a 84-393-5954-3 | ||
| 080 | |a M-4-331 | ||
| 100 | |a Burgueño, Jesús |9 22776 | ||
| 245 | |a Història del mapa municipal de Catalunya / Jesús Burgueño, Ferran Lasso de la Vega | ||
| 260 | |a [Barcelona] : |b Generalitat de Catalunya, Departament de Governació i Relacions Institucionals, Direcció General d'Administració Local, |c 2002 | ||
| 300 | |a 192 p., [12] fulls plegats : |b gràfics, quadres ; |c 30 cm | ||
| 590 | |a Bibliografia p. 71-76 | ||
| 650 | |a Municipis |x Catalunya |x Història |9 37182 | ||
| 650 | |a Catalunya |x Divisions administratives i polítiques |x Història |9 37183 | ||
| 700 | |a Lasso de la Vega, Ferran |9 37184 | ||
| 901 | |a Arxiu | ||
| 942 | |n 1 | ||
| 952 | |0 0 |1 0 |4 0 |6 M4331 |7 1 |9 47735 |a Arxiu |b Arxiu |d 2016-12-01 |l 0 |o M-4-331 |p 15821 |r 2016-12-01 00:00:00 |w 2016-12-01 |y ARXIU | ||
| 999 | |c 51534 |d 51534 | ||